|
|
|
|
| LEADER |
01122nam a22002537a 4500 |
| 001 |
AAL7319 |
| 003 |
BD-DhAAL |
| 005 |
20160204115307.0 |
| 008 |
160204m20092006bd a|||| |||| 001 0 mul d |
| 020 |
|
|
|a 9844832357
|
| 040 |
|
|
|a BD-DhAAL
|c BD-DhAAL
|
| 082 |
|
|
|a 954/.14/029
|
| 100 |
|
|
|a যাকারিয়া, আবুল কালাম মোহাম্মদ
|9 17718
|
| 245 |
|
|
|a নবাব সিরাজ-উদ-দৌলা /
|c আবুল কালাম মোহাম্মদ যাকারিয়া
|
| 260 |
|
|
|a ঢাকা :
|b দিব্য প্রকাশ,
|c ২০০৯.
|
| 300 |
|
|
|a ৪০৭ পৃ. :
|b চিত্র ;
|c ২২ সে.মি.
|
| 500 |
|
|
|a Includes index.
|
| 541 |
|
|
|e 7319
|
| 600 |
|
|
|a Siraj ud-daula
|x Nawab of Bengal
|y 1757
|9 17719
|
| 650 |
|
|
|a Bengal (India) --
|x History
|y 18th century.
|9 17720
|
| 651 |
|
|
|a India --
|x Bengal.
|9 17721
|
| 942 |
|
|
|2 ddc
|c BK
|
| 999 |
|
|
|c 36764
|d 36764
|
| 952 |
|
|
|0 0
|1 0
|2 ddc
|4 0
|6 954_000000000000000__14_029_ZAK
|7 0
|9 57853
|a SCL
|b SCL
|c GEN
|d 2016-02-04
|g 400.00
|l 5
|m 43
|o 954.14029 ZAK
|p 3020007319
|r 2025-10-15
|s 2025-03-06
|t 1
|w 2016-02-04
|y BK
|